[Event "Nordhausen op 13th"]
[Site "Nordhausen"]
[Date "2023.08.06"]
[Round "7"]
[White "Franke, Luca"]
[Black "Schenk, Rafael"]
[Result "1-0"]
[WhiteElo "2010"]
[BlackElo "1862"]
[PlyCount "99"]
[EventDate "2023.08.03"]
[EventType "swiss"]
[EventRounds "7"]
[EventCountry "GER"]
[SourceTitle "CBM 215 Extra"]
[Source "ChessBase"]
[SourceDate "2023.09.30"]
[SourceVersion "1"]
[SourceVersionDate "2023.09.30"]
[SourceQuality "1"]

1. d4 Nf6 2. c4 e6 3. g3 d5 4. Nf3 Bb4+ 5. Bd2 Be7 6. Bc3 Ne4 7. Bg2 0-0 8. 0-0 Nd7 9. Nbd2 f5 10. Qb3 c6 11. Ne1 Ndf6 12. Nd3 Qb6 13. e3 g5 14. Nf3 Bd7 15. Nfe5 Be8 16. f3 Nd6 17. Nc5 Qxb3 18. axb3 Bf7 19. Rfe1 h5 20. Bb4 Rfe8 21. e4 g4 22. exf5 Nxf5 23. fxg4 Nxd4 24. g5 Ng4 25. Nxf7 Kxf7 26. h3 Nxb3 27. Nxb3 Bxb4 28. Rf1+ Kg6 29. hxg4 hxg4 30. cxd5 exd5 31. Rf4 Bd6 32. Rf6+ Kxg5 33. Rxd6 Re3 34. Nd4 Rae8 35. Rxa7 Rxg3 36. Rxb7 Rd3 37. Ne6+ Kh4 38. Rh7+ Kg3 39. Rxc6 Rb8 40. Rc2 d4 41. Bf1 Rd1 42. Rf7 Rb5 43. Rg2+ Kh4 44. Rh7+ Rh5 45. Rh2+ Kg3 46. R7xh5 d3 47. Rd5 Rxf1+ 48. Kxf1 Kxh2 49. Rxd3 g3 50. Nf4 1-0

[Event "Nordhausen op 13th"]
[Site "Nordhausen"]
[Date "2023.08.04"]
[Round "4"]
[White "Becker, Tobias"]
[Black "Franke, Luca"]
[Result "1-0"]
[WhiteElo "2111"]
[BlackElo "2010"]
[PlyCount "67"]
[EventDate "2023.08.03"]
[EventType "swiss"]
[EventRounds "7"]
[EventCountry "GER"]
[SourceTitle "CBM 215 Extra"]
[Source "ChessBase"]
[SourceDate "2023.09.30"]
[SourceVersion "1"]
[SourceVersionDate "2023.09.30"]
[SourceQuality "1"]

1. e4 c5 2. Nf3 Nc6 3. d4 cxd4 4. Nxd4 Nf6 5. Nc3 e5 6. Ndb5 d6 7. Bg5 a6 8. Na3 b5 9. Nab1 Be7 10. Bxf6 Bxf6 11. a4 bxa4 12. Rxa4 0-0 13. Nd5 Bg5 14. Bc4 Nd4 15. Nbc3 a5 16. 0-0 Bd7 17. Ra2 Ne6 18. Qe2 Bh6 19. Rfa1 Kh8 20. b4 Nd4 21. Qd3 f5 22. bxa5 Qh4 23. Nb6 Bf4 24. g3 Qh3 25. Nxd7 fxe4 26. Qxe4 Bxg3 27. hxg3 Nf3+ 28. Qxf3 Rxf3 29. Bd5 Rxc3 30. Bxa8 Qxd7 31. a6 Qa7 32. Bg2 g6 33. Rb1 Rc7 34. Rb7 1-0

[Event "GER-CupT 2122 prel2"]
[Site "Gera"]
[Date "2022.03.26"]
[Round "1.1"]
[White "Franke, Luca"]
[Black "Ermel, Dirk"]
[Result "1-0"]
[WhiteElo "1954"]
[BlackElo "2144"]
[PlyCount "115"]
[EventDate "2022.03.26"]
[EventType "team-k.o."]
[EventRounds "2"]
[EventCountry "GER"]
[SourceTitle "EXT 2023"]
[Source "ChessBase"]
[SourceDate "2022.10.05"]
[SourceVersion "1"]
[SourceVersionDate "2022.10.05"]
[SourceQuality "1"]
[WhiteTeam "Liebschwitz"]
[BlackTeam "Hildesheim"]
[WhiteTeamCountry "GER"]
[BlackTeamCountry "GER"]

1. d4 d5 2. c4 e6 3. g3 Nf6 4. Nf3 Be7 5. Bg2 0-0 6. 0-0 c6 7. Nbd2 Nbd7 8. Qc2 b6 9. e4 dxe4 10. Nxe4 Nxe4 11. Qxe4 Bb7 12. Re1 Nf6 13. Qe3 c5 14. d5 Bd6 15. dxe6 Qc7 16. exf7+ Rxf7 17. Ng5 Re8 18. Qd2 Rxe1+ 19. Qxe1 Re7 20. Qd1 h6 21. Bxb7 Qxb7 22. Nf3 Bc7 23. Be3 Ng4 24. Qe2 Qe4 25. Nd2 Qe6 26. Re1 Qf5 27. Qf3 Qg6 28. Nf1 Kh7 29. Rd1 Ne5 30. Qe2 Qe4 31. Nd2 Qc2 32. Rb1 Rd7 33. Qd1 Rxd2 34. Bxd2 Qxd2 35. Qxd2 Nf3+ 36. Kg2 Nxd2 37. Rc1 Ne4 38. Re1 Nf6 39. Re7 Bb8 40. f4 h5 41. Rb7 Bd6 42. Rxa7 Ng4 43. b3 h4 44. Rb7 Ne3+ 45. Kh3 Nf5 46. Rxb6 Be7 47. a3 Nd4 48. Kg4 hxg3 49. hxg3 Nc2 50. a4 Nd4 51. Rb7 Bd8 52. b4 cxb4 53. Rxb4 Ne6 54. Kf5 Nc5 55. a5 g6+ 56. Kg4 Be7 57. Rb5 Kg7 58. Rb6 1-0

[Event "GER-ch U18 sf Berlin Online"]
[Site "Playchess.com INT"]
[Date "2020.05.01"]
[Round "11"]
[White "Franke, Luca"]
[Black "Bui, Bao Anh Le"]
[Result "1/2-1/2"]
[WhiteElo "1864"]
[BlackElo "1717"]
[PlyCount "44"]
[EventDate "2020.05.01"]
[EventType "swiss (blitz)"]
[EventRounds "13"]
[EventCountry "GER"]
[SourceTitle "CBM 195 Extra"]
[Source "ChessBase"]
[SourceDate "2020.05.31"]
[SourceVersion "1"]
[SourceVersionDate "2020.05.31"]
[SourceQuality "1"]

1. d4 d5 2. c4 e6 3. Nf3 c6 4. g3 Nf6 5. Bg2 dxc4 6. Ne5 Nbd7 7. Nxc4 c5 8. dxc5 Bxc5 9. Nd6+ Bxd6 10. Qxd6 Nd5 11. e4 Qe7 12. Qxe7+ Nxe7 13. 0-0 0-0 14. Be3 b6 15. e5 Rb8 16. f4 Ba6 17. Rd1 Rfd8 18. Nc3 Nf5 19. Bf2 h5 20. Rac1 Nc5 21. Bxc5 bxc5 22. b3 Ne3 1/2-1/2

[Event "GER-ch U18 sf Berlin Online"]
[Site "Playchess.com INT"]
[Date "2020.05.01"]
[Round "3"]
[White "Franke, Luca"]
[Black "Canno, Clara Yumi"]
[Result "1-0"]
[WhiteElo "1864"]
[BlackElo "1620"]
[PlyCount "41"]
[EventDate "2020.05.01"]
[EventType "swiss (blitz)"]
[EventRounds "13"]
[EventCountry "GER"]
[SourceTitle "CBM 195 Extra"]
[Source "ChessBase"]
[SourceDate "2020.05.31"]
[SourceVersion "1"]
[SourceVersionDate "2020.05.31"]
[SourceQuality "1"]

1. d4 d5 2. c4 e6 3. Nf3 Nf6 4. g3 c5 5. Bg2 Nc6 6. cxd5 exd5 7. 0-0 Be7 8. Nc3 0-0 9. Bg5 Bg4 10. dxc5 Bxc5 11. Bxf6 Qxf6 12. Qxd5 Bd4 13. Ne4 Qd8 14. Qb3 Bxf3 15. Bxf3 Re8 16. Rfd1 Qf6 17. Nxf6+ Bxf6 18. Qxb7 Ne7 19. Qxa8 Rxa8 20. Bxa8 Bxb2 21. Rd8# 1-0

[Event "GER-ch U18 sf Berlin Online"]
[Site "Playchess.com INT"]
[Date "2020.05.01"]
[Round "5"]
[White "Franke, Luca"]
[Black "Lehmann, Simon"]
[Result "1-0"]
[WhiteElo "1864"]
[BlackElo "1620"]
[PlyCount "109"]
[EventDate "2020.05.01"]
[EventType "swiss (blitz)"]
[EventRounds "13"]
[EventCountry "GER"]
[SourceTitle "CBM 195 Extra"]
[Source "ChessBase"]
[SourceDate "2020.05.31"]
[SourceVersion "1"]
[SourceVersionDate "2020.05.31"]
[SourceQuality "1"]

1. d4 d5 2. c4 c6 3. Nf3 Nf6 4. e3 Bf5 5. Nc3 e6 6. Be2 Bd6 7. 0-0 Nbd7 8. Qb3 Qc7 9. h3 0-0 10. Nh4 Be4 11. Nxe4 Nxe4 12. Qc2 Ndf6 13. a3 Nd7 14. b4 b6 15. Bd3 Nef6 16. Nf3 h6 17. Bb2 a6 18. Rac1 Qb7 19. Nd2 Rfc8 20. e4 dxe4 21. Nxe4 Nxe4 22. Bxe4 f5 23. Bf3 Qc7 24. Rfe1 Kf7 25. Qe2 Re8 26. b5 axb5 27. cxb5 cxb5 28. Bxa8 Qa7 29. Bc6 Rd8 30. Qe5 Bxe5 31. dxe5 Nc5 32. Rcd1 Rxd1 33. Rxd1 Qa4 34. Rd8 Ke7 35. Rb8 Qd1+ 36. Kh2 Nd3 37. Rb7+ Kf8 38. Bd4 Nf4 39. Bxb6 Qe2 40. Bc5+ Kg8 41. Rxb5 Qe1 42. a4 Qf1 43. a5 Ne2 44. f3 Nf4 45. Kg3 Qxg2+ 46. Kxf4 Qf2 47. Bxf2 g5+ 48. Ke3 f4+ 49. Kd2 Kf7 50. a6 Kg6 51. a7 h5 52. a8Q Kf5 53. Qf8+ Kg6 54. Be8+ Kh7 55. Rb7# 1-0

[Event "GER-ch U18 sf Berlin Online"]
[Site "Playchess.com INT"]
[Date "2020.05.01"]
[Round "8"]
[White "Tham, Nam"]
[Black "Franke, Luca"]
[Result "0-1"]
[WhiteElo "1679"]
[BlackElo "1864"]
[PlyCount "90"]
[EventDate "2020.05.01"]
[EventType "swiss (blitz)"]
[EventRounds "13"]
[EventCountry "GER"]
[SourceTitle "CBM 195 Extra"]
[Source "ChessBase"]
[SourceDate "2020.05.31"]
[SourceVersion "1"]
[SourceVersionDate "2020.05.31"]
[SourceQuality "1"]

1. e4 c5 2. Nf3 Nc6 3. d4 cxd4 4. Nxd4 Nf6 5. Nc3 e5 6. Ndb5 d6 7. Bg5 a6 8. Na3 b5 9. Nd5 Be7 10. Bxf6 Bxf6 11. c4 bxc4 12. Bxc4 0-0 13. 0-0 Bb7 14. Nc2 Rc8 15. Bb3 g6 16. Nce3 Bg7 17. Rc1 Kh8 18. Kh1 Nd4 19. Qg4 Nxb3 20. axb3 Bxd5 21. Nxd5 Rxc1 22. Rxc1 f5 23. exf5 gxf5 24. Qa4 Qa8 25. Nc7 Rc8 26. h3 Qb7 27. Qd7 d5 28. Kh2 d4 29. Rc6 e4 30. Re6 Qxc7+ 31. Qxc7 Rxc7 32. Re8+ Bf8 33. Rxf8+ Kg7 34. Rxf5 d3 35. Re5 Rd7 36. Rxe4 d2 37. Rg4+ Kh8 38. Ra4 d1Q 39. Rxa6 Qxb3 40. Ra8+ Kg7 41. Ra3 Qxb2 42. Rg3+ Kh8 43. f3 Qe5 44. h4 Rg7 45. Kh1 Qxg3 0-1

[Event "GER CupT 1920 prel2"]
[Site "Liebschwitz"]
[Date "2020.01.11"]
[Round "1.1"]
[White "Spiess, Gunter"]
[Black "Franke, Luca"]
[Result "1-0"]
[WhiteElo "2394"]
[BlackElo "1872"]
[PlyCount "73"]
[EventDate "2020.01.11"]
[EventType "team-k.o."]
[EventRounds "2"]
[EventCountry "GER"]
[SourceTitle "EXT 2021"]
[Source "ChessBase"]
[SourceDate "2020.10.23"]
[SourceVersion "1"]
[SourceVersionDate "2020.10.23"]
[SourceQuality "1"]
[WhiteTeam "Nickelhuette Aue"]
[BlackTeam "Liebschwitz"]
[WhiteTeamCountry "GER"]
[BlackTeamCountry "GER"]

1. d4 Nf6 2. c4 g6 3. Nc3 Bg7 4. e4 d6 5. Nf3 0-0 6. Be2 e5 7. Be3 Nc6 8. d5 Ne7 9. Nd2 Nd7 10. b4 f5 11. f3 f4 12. Bf2 g5 13. c5 Nf6 14. Nc4 h5 15. cxd6 cxd6 16. Nb5 Ne8 17. Nxa7 Bd7 18. Nb6 Rxa7 19. Nxd7 Qxd7 20. Bxa7 Nf6 21. 0-0 g4 22. Qd3 Ng6 23. Rfc1 g3 24. Bb6 gxh2+ 25. Kxh2 Ne8 26. Qb5 Qe7 27. Rc8 Bh6 28. Kg1 h4 29. Kf1 Qf7 30. Rac1 Ne7 31. Rd8 Bg5 32. Qd7 Qh5 33. Bb5 Ng7 34. Rxf8+ Kxf8 35. Bd8 Ne8 36. Bxe7+ Bxe7 37. Rc8 1-0

[Event "Erfurt op-A 29th"]
[Site "Erfurt"]
[Date "2019.12.29"]
[Round "7"]
[White "Wachsmann, Dietmar"]
[Black "Franke, Luca"]
[Result "1-0"]
[WhiteElo "2032"]
[BlackElo "1880"]
[PlyCount "47"]
[EventDate "2019.12.26"]
[EventType "swiss"]
[EventRounds "8"]
[EventCountry "GER"]
[SourceTitle "CBM 194 Extra"]
[Source "ChessBase"]
[SourceDate "2020.03.31"]
[SourceVersion "1"]
[SourceVersionDate "2020.03.31"]
[SourceQuality "1"]

1. e4 e5 2. Nf3 Nc6 3. Bb5 a6 4. Ba4 Nf6 5. 0-0 Be7 6. Re1 b5 7. Bb3 d6 8. c3 0-0 9. h3 Na5 10. Bc2 c5 11. d4 Nc6 12. d5 Na7 13. Nbd2 Bd7 14. Nf1 Qc7 15. Ng3 g6 16. Nh2 Rfe8 17. f4 Bc8 18. Qf3 Bb7 19. f5 Nd7 20. Ng4 f6 21. h4 Rf8 22. fxg6 hxg6 23. Nh6+ Kg7 24. Ngf5+ 1-0

[Event "Erfurt op-A 29th"]
[Site "Erfurt"]
[Date "2019.12.28"]
[Round "4"]
[White "Franke, Luca"]
[Black "Ruppert, Wolfgang"]
[Result "0-1"]
[WhiteElo "1880"]
[BlackElo "2169"]
[PlyCount "62"]
[EventDate "2019.12.26"]
[EventType "swiss"]
[EventRounds "8"]
[EventCountry "GER"]
[SourceTitle "CBM 194 Extra"]
[Source "ChessBase"]
[SourceDate "2020.03.31"]
[SourceVersion "1"]
[SourceVersionDate "2020.03.31"]
[SourceQuality "1"]

1. d4 g6 2. c4 Bg7 3. g3 d6 4. Bg2 Nc6 5. Nf3 e5 6. d5 Nce7 7. e4 f5 8. Nc3 Nf6 9. 0-0 h6 10. Ne1 0-0 11. Nd3 c6 12. h3 fxe4 13. Nxe4 Nxe4 14. Bxe4 cxd5 15. cxd5 Bxh3 16. Re1 Bf5 17. Qb3 Bxe4 18. Rxe4 Qd7 19. Bd2 Rf7 20. Rae1 g5 21. Kg2 Raf8 22. R1e2 Qf5 23. Ne1 Qg6 24. Qc4 b5 25. Qd3 Nf5 26. Bc3 a6 27. b3 g4 28. a4 Qh5 29. axb5 axb5 30. Bb2 Qh3+ 31. Kg1 h5 0-1

[Event "Erfurt op-A 29th"]
[Site "Erfurt"]
[Date "2019.12.27"]
[Round "2"]
[White "Franke, Luca"]
[Black "Lagunow, Raphael"]
[Result "0-1"]
[WhiteElo "1880"]
[BlackElo "2424"]
[PlyCount "102"]
[EventDate "2019.12.26"]
[EventType "swiss"]
[EventRounds "8"]
[EventCountry "GER"]
[SourceTitle "CBM 194 Extra"]
[Source "ChessBase"]
[SourceDate "2020.03.31"]
[SourceVersion "1"]
[SourceVersionDate "2020.03.31"]
[SourceQuality "1"]

1. d4 d5 2. c4 e6 3. Nf3 Nf6 4. g3 dxc4 5. Bg2 Bb4+ 6. Bd2 a5 7. a3 Bxd2+ 8. Nbxd2 b5 9. a4 c6 10. 0-0 0-0 11. Qc2 Nd5 12. e4 Nb4 13. Qc3 Ba6 14. Rfd1 Nd3 15. Qc2 Nd7 16. b3 Nf6 17. Rab1 Nb4 18. Qc1 Ng4 19. Qc3 cxb3 20. Nxb3 bxa4 21. Nc5 Bb5 22. Ra1 Qe7 23. h3 Nf6 24. Ne5 Rfd8 25. Nc4 Bxc4 26. Qxc4 Nd7 27. Nxa4 e5 28. d5 cxd5 29. exd5 Qd6 30. Rac1 h6 31. Qc7 Nf6 32. Qxd6 Rxd6 33. Rc5 e4 34. Nc3 a4 35. Rc4 Nbxd5 36. Nxe4 Nxe4 37. Bxe4 a3 38. Kh2 a2 39. Ra1 f5 40. Bxf5 Rf8 41. g4 g6 42. Bxg6 Rxg6 43. Rxa2 Rgf6 44. Kg3 Rf3+ 45. Kg2 Rd3 46. h4 Nf4+ 47. Kg1 Rh3 48. h5 Rf3 49. Rc6 Re8 50. Ra1 Nh3+ 51. Kg2 Rxf2+ 0-1

[Event "Erfurt op-A 29th"]
[Site "Erfurt"]
[Date "2019.12.27"]
[Round "3"]
[White "Heinke, Jasper"]
[Black "Franke, Luca"]
[Result "0-1"]
[WhiteElo "2066"]
[BlackElo "1880"]
[PlyCount "80"]
[EventDate "2019.12.26"]
[EventType "swiss"]
[EventRounds "8"]
[EventCountry "GER"]
[SourceTitle "CBM 194 Extra"]
[Source "ChessBase"]
[SourceDate "2020.03.31"]
[SourceVersion "1"]
[SourceVersionDate "2020.03.31"]
[SourceQuality "1"]

1. d4 Nf6 2. c4 g6 3. Nc3 Bg7 4. e4 d6 5. Be2 0-0 6. Nf3 e5 7. 0-0 Nc6 8. d5 Ne7 9. Ne1 Nd7 10. Be3 f5 11. f3 f4 12. Bf2 g5 13. Rc1 Ng6 14. c5 Nxc5 15. b4 Na6 16. Nb5 Rf7 17. Qa4 h5 18. Nxa7 g4 19. Nxc8 Qxc8 20. Kh1 g3 21. hxg3 fxg3 22. Bxg3 h4 23. Bf2 Bh6 24. Rc2 Nf4 25. Bxa6 Rxa6 26. Qb3 Nxg2 27. Nxg2 Qh3+ 28. Kg1 Rg7 29. Bxh4 Bf4 30. Rff2 Qxh4 31. b5 Ra8 32. b6 Kh8 33. bxc7 Rag8 34. c8Q Rxg2+ 35. Kf1 Rxf2+ 36. Rxf2 Rxc8 37. Ke2 Qe7 38. Qd1 Bh6 39. Rh2 Qg5 40. Qd3 Qc1 0-1

[Event "Oberliga Ost-B 1920"]
[Site "Germany"]
[Date "2019.12.08"]
[Round "5.3"]
[White "Shkuran, Danylo"]
[Black "Franke, Luca"]
[Result "1-0"]
[WhiteElo "2329"]
[BlackElo "1944"]
[PlyCount "71"]
[EventDate "2019.09.29"]
[EventType "team-tourn"]
[EventRounds "11"]
[EventCountry "GER"]
[SourceTitle "EXT 2021"]
[Source "ChessBase"]
[SourceDate "2020.10.23"]
[SourceVersion "1"]
[SourceVersionDate "2020.10.23"]
[SourceQuality "1"]
[WhiteTeam "Bad Emstal/Wolfhagen"]
[BlackTeam "Liebschwitz"]
[WhiteTeamCountry "GER"]
[BlackTeamCountry "GER"]

1. Nf3 Nf6 2. g3 g6 3. Bg2 Bg7 4. 0-0 0-0 5. d3 d6 6. c4 e5 7. Nc3 Nc6 8. Bg5 h6 9. Bxf6 Bxf6 10. Rb1 Bg7 11. b4 f5 12. Nd5 Ne7 13. Ne1 c6 14. Nxe7+ Qxe7 15. b5 e4 16. dxe4 fxe4 17. Nc2 Bf5 18. Ne3 Rfd8 19. bxc6 bxc6 20. Qa4 Rac8 21. Rfd1 Qf7 22. Qa6 Rc7 23. Qa5 Rcd7 24. Rb7 Bc3 25. Qxd8+ Rxd8 26. Rxf7 Kxf7 27. g4 Be6 28. Bxe4 c5 29. Bd5 Rb8 30. Bxe6+ Kxe6 31. Nd5 Be5 32. Rd3 g5 33. Rb3 Rxb3 34. axb3 a5 35. e3 Bb2 36. f4 1-0

[Event "Oberliga Ost-B 1920"]
[Site "Germany"]
[Date "2019.11.17"]
[Round "3.3"]
[White "Franke, Luca"]
[Black "Mueller, Maximilian"]
[Result "0-1"]
[WhiteElo "1944"]
[BlackElo "2305"]
[PlyCount "56"]
[EventDate "2019.09.29"]
[EventType "team-tourn"]
[EventRounds "11"]
[EventCountry "GER"]
[SourceTitle "EXT 2021"]
[Source "ChessBase"]
[SourceDate "2020.10.23"]
[SourceVersion "1"]
[SourceVersionDate "2020.10.23"]
[SourceQuality "1"]
[WhiteTeam "Liebschwitz"]
[BlackTeam "Gernsheim"]
[WhiteTeamCountry "GER"]
[BlackTeamCountry "GER"]

1. d4 d5 2. c4 dxc4 3. e3 Nf6 4. Bxc4 a6 5. a4 e6 6. Nc3 c5 7. Nf3 Nc6 8. 0-0 Be7 9. dxc5 Qxd1 10. Rxd1 Bxc5 11. h3 Be7 12. e4 Nd7 13. Bf4 Nc5 14. Ne5 Nb4 15. Rd2 b6 16. Rad1 0-0 17. Be3 Bf6 18. Ng4 Be7 19. Ne5 Re8 20. Bxc5 bxc5 21. Nd7 Bb7 22. f4 Nc6 23. f5 exf5 24. exf5 Bg5 25. Re2 Rxe2 26. Nxe2 Rd8 27. Bb3 c4 28. Bc2 Nb4 0-1

[Event "GER-chT Lands U20"]
[Site "Wuerzburg"]
[Date "2019.10.02"]
[Round "1.4"]
[White "Franke, Luca"]
[Black "Bashylina, Luisa"]
[Result "1/2-1/2"]
[WhiteElo "1872"]
[BlackElo "1933"]
[PlyCount "91"]
[EventDate "2019.10.01"]
[EventType "team-swiss"]
[EventRounds "7"]
[EventCountry "GER"]
[SourceTitle "EXT 2020"]
[Source "ChessBase"]
[SourceDate "2019.10.17"]
[SourceVersion "1"]
[SourceVersionDate "2019.10.17"]
[SourceQuality "1"]
[WhiteTeam "South Team"]
[BlackTeam "Nordrhein Westfalen"]
[WhiteTeamCountry "GER"]
[BlackTeamCountry "GER"]

1. e4 c5 2. Nf3 a6 3. d4 cxd4 4. Nxd4 Nf6 5. Nc3 e5 6. Nf3 Bb4 7. Qd3 d5 8. a3 Bxc3+ 9. Qxc3 0-0 10. Be2 d4 11. Qd3 Nbd7 12. b4 b5 13. 0-0 Bb7 14. Nd2 Rc8 15. Bb2 Nb6 16. Bf3 Na4 17. Qb3 Nc3 18. Rfe1 Rc7 19. Rac1 Qa8 20. Bxc3 dxc3 21. Nb1 Nxe4 22. Rcd1 Rfc8 23. Re3 Rc4 24. Rdd3 Rd4 25. Nxc3 Nd2 26. Bxb7 Qxb7 27. Qa2 Nc4 28. Rg3 Qd7 29. h3 f5 30. Ne2 Rd6 31. Rxd6 Qxd6 32. Rd3 Qe7 33. Qb3 Kh8 34. Qc3 Nd6 35. Qd2 Ne4 36. Qd1 h6 37. Ng3 Nxg3 38. Rxg3 Qc7 39. Qd5 Qe7 40. Rg6 Rd8 41. Qc6 e4 42. Re6 Qg5 43. Rg6 Qc1+ 44. Kh2 Qf4+ 45. Rg3 Qxf2 46. Rxg7 1/2-1/2